000 00675nam a2200289Ia 4500
005 20260324141531.0
008 008 260324s9999 xx 000 0 eng d
020 _a9781003136118
037 _aEBOOK
040 _aCRL
040 _beng
040 _cCRL
041 _2eng
041 _aeng
084 _qCRL
100 _aDeborah Reed-Danahay
_91146529
245 0 _aAuto/ethnography
245 0 _bRewriting the Self and the Social
260 _bTaylor and Francis
260 _c1997
365 _a
365 _b230
856 _uhttp://www.taylorfrancis.com/books/9781003136118
942 _cEBOOK
999 _c1811746
_d1811746